The APC: professional ethics (Record no. 65763)

MARC details
000 -LEADER
fixed length control field 00804cam a2200205 4500
001 - CONTROL NUMBER
control field ABS63301
008 - FIXED-LENGTH DATA ELEMENTS--GENERAL INFORMATION
fixed length control field 000000n2001 000 0 eng u
035 ## - SYSTEM CONTROL NUMBER
System control number (Sirsi) u110280
100 ## - MAIN ENTRY--PERSONAL NAME
Personal name Imber, A
245 #4 - TITLE STATEMENT
Title The APC: professional ethics
260 ## - PUBLICATION, DISTRIBUTION, ETC.
Date of publication, distribution, etc. 2001
490 ## - SERIES STATEMENT
Series statement CSM (Chartered Surveyor Monthly)
Volume/sequential designation January 2001, 30(1)
520 ## - SUMMARY, ETC.
Summary, etc. Discusses what an APC candidate should know about professional ethics in order to pass the APC and to become chartered surveyors. Gives an illustration of the type of answers required and what to be aware of in providing a written submission as well as in the interview.
590 ## - LOCAL NOTE (RLIN)
Local note ABS
650 ## - SUBJECT ADDED ENTRY--TOPICAL TERM
Topical term or geographic name entry element APC
9 (RLIN) 6216
650 ## - SUBJECT ADDED ENTRY--TOPICAL TERM
Topical term or geographic name entry element APC
9 (RLIN) 6216
650 ## - SUBJECT ADDED ENTRY--TOPICAL TERM
Topical term or geographic name entry element PROFESSIONAL ETHICS
690 ## - LOCAL SUBJECT ADDED ENTRY--TOPICAL TERM (OCLC, RLIN)
Topical term or geographic name as entry element MANAGEMENT-BUSINESS MANAGEMENT-PROFESSIONAL PRACTICE
942 ## - ADDED ENTRY ELEMENTS (KOHA)
Suppress in OPAC 0
Holdings
Withdrawn status Lost status Source of classification or shelving scheme Damaged status Not for loan Home library Current library Shelving location Date acquired Total Checkouts Full call number Barcode Date last seen Copy number Price effective from Koha item type
    Dewey Decimal Classification     London London Journal article 10/01/2001   ABS63301 110280-1001 06/08/2019 1 06/08/2019 Journal article